000 00814 a2200193 4500
003 NUST
005 20221226140302.0
010 _a62018464
040 _cNust
082 _a355.02,SLI
100 _aSlim, William Joseph Slim, Viscount,
_9105967
245 _aUnofficial history /
_cField-Marshal Sir William Slim
260 _aLondon
_bCassell
_cc1959
300 _a242 p.;
_billus
_c24 cm
505 _aTigris Bank (Page-1), The Incorrigible Rogue (Page-23), Elizabeth Succeeded Henry (Page-51), Aid to the Civil (Page-73), Students Interlude (Page-99), Counsel of Fears (Page-125), It Pays to Be Bold (Page-149), Persian Pattern (Page-177), Caviar to The General (Page-211).
600 _aSlim, William Joseph Slim, Viscount,
_9105967
650 _aUnofficial history
_9105968
942 _2ddc
_cBK
_k355.02,SLI
999 _c185723
_d185723